header

Study guide for practical statistics for educators (Record no. 227956)

MARC details
000 -LEADER
fixed length control field 01434nam a2200361 a 4500
082 04 - DEWEY DECIMAL CLASSIFICATION NUMBER
Classification number 370.2/1
100 1# - MAIN ENTRY--AUTHOR NAME
Personal name Ravid, Ruth.
245 10 - TITLE STATEMENT
Title Study guide for practical statistics for educators
250 ## - EDITION STATEMENT
Edition statement 4th ed.
260 ## - PUBLICATION, DISTRIBUTION, ETC. (IMPRINT)
Place of publication Lanham [Md.] :
Name of publisher Rowman & Littlefield Publishers,
Year of publication 2011.
300 ## - PHYSICAL DESCRIPTION
Number of Pages vii, 101 p. :
Other physical details ill.
500 ## - GENERAL NOTE
General note Companion to: Practical statistics for educators.
General note Includes index.
650 #0 - SUBJECT ADDED ENTRY--TOPICAL TERM
Topical Term Educational statistics
Topical Term Educational tests and measurements.
700 1# - ADDED ENTRY--PERSONAL NAME
Personal name Oyer, Elizabeth,
Personal name Ravid, Ruth.
856 40 - ELECTRONIC LOCATION AND ACCESS
Uniform Resource Identifier http://site.ebrary.com/lib/rucke/Doc?id=10460940

No items available.

© 2026 Rongo University
Contact us: librarian | system librarian | Rongo university